000 00603nam a2200193 i 4500
001 128506
003 ES-MaACL
005 20251015063130.0
007 t|
008 070516s1913 fr ||||1| fre d
080 _a840-94"18"
100 1 _aTaine, Hippolyte,
_d1828-1893
_9109085
245 1 0 _aNotes sur Paris
_b: vie et opinions de M. Frédéric-Thomas Graindorge /
_crecueillies et publiées par Hippolyte Taine.
250 _a18 ed.
260 _aParis :
_bCoulommiers P. Brodard,
_c1913.
300 _aXI, 346 p. ;
_c17 cm.
852 _aES-MaACL
_jD-1983
999 _c128506
_d128506